| 000 | 00576nam a2200181 4500 | ||
|---|---|---|---|
| 999 |
_c191234 _d191234 |
||
| 005 | 20220823151010.0 | ||
| 010 | _aENG-134564 | ||
| 020 |
_c1595.00 _a9789389740974 |
||
| 035 | _aEN-118096 | ||
| 037 | _bDBAD/PUB | ||
| 082 | _a371.3 | ||
| 100 | _aMishra, Premananda | ||
| 245 |
_aLesson Planning of Universal Design and Adaptations for Visually Challenged/ _cPremananda Mishra at all |
||
| 260 |
_aHyderabad _bNeelkamal Publications _c2021 |
||
| 270 |
_aSultan Bazar _bHyderabad _e500095 |
||
| 300 |
_axix,25p. _c25cm(hbk) |
||
| 942 |
_2ddc _cEN _h371.5 _mMIS |
||